000 00622nam a22002177a 4500
999 _c8504
_d8504
003 AR-CdUCM
008 190325b ||||| |||| 00| 0 spa d
040 _aMUNICIPALIDAD PROVINCIAL DEL CUSCO
_cBIBLIOTECA MUNICIPAL DEL CUSCO
082 _a818.5 /
_bR54
100 _aRichter, Conrad
_912475
245 _aUn Hombre Libre /
260 _aBuenos Aires :
_bPLaza & Janes,
_c1965.
300 _a149 paginas ;
_c17 cm.
440 _aAlboreal
_n53
_923832
650 _aLiteratura
_983
650 _aSiglo XIX
_9971
650 _aNovelas
_9218
700 _aGerlach, Graciela
_923833
942 _2ddc
_cLIBROS
945 _apjha